000 00359 a2200109 4500
001 ART_4735
005 20260410161824.0
008 260409a
245 1 0 _aLa enseñanza profesional inicial en los Países Bajos
100 1 _aFrietman, J.
773 0 _tRevista de trabajo
_gFormación profesional - Año 1, Nº 1 (mar./abr. 1994)
_wREV4713
999 _c22614
_d22614